Statistics for Guess the Taylor Swift song by Lyric (Speak Now TV)

Click here to take the quiz!

General Stats

  • This quiz has been taken 49 times
  • The average score is 16 of 22

Answer Stats

HintAnswer% Correct
You are an expert at sorry and keeping the lines blurry, Never impressed by me acing your testsDear John
92%
2 AM, who do you love?, I wonder 'til I'm wide awake, And now I'm pacing back and forthEnchanted
89%
Then I think about summer, all the beautiful times, I watched you laughin' from the passenger's side, And realized I loved you in the fallBack to December
87%
Fond gestures are exchanged, And the organ starts to play, A song that sounds like a death march, And I am hiding in the curtainsSpeak Now
87%
I think her ever present frown is a little troubling, And, she thinks I'm psycho, 'Cause I like to rhyme her name with thingsBetter Than Revenge
84%
I said remember this feeling, I passed the pictures around, Of all the years that we stood there on the sidelinesLong Live
84%
You learn my secrets and you figure out why I'm guarded, You say we'll never make my parents' mistakesMine
82%
Holdin' hands on the way to a dance, And the date on the back said 1958, Which brought me back to the first time I saw youTimeless
82%
You, with your switching sides, And your wildfire lies and your humiliation, You have pointed out my flaws againMean
79%
Won't you whisper soft and slow, I'm captivated by you, baby, Like a fireworks showSparks Fly
79%
So it's best that we move fast and keep quiet, You won't believe half the things I see inside my head, Wait 'til you see half the things that haven't happened yetI Can See You
71%
At fourteen, there's just so much you can't do, And you can't wait to move out someday and call your own shotsNever Grow Up
71%
She won't lose herself in love the way that I did, 'Cause she'll call you out, she'll put you in your placeWhen Emma Falls in Love
71%
How I was losing my mind when I saw you here, But you held your pride like you should have held meThe Story of us
68%
Power went to my head, and I couldn't stop, Ones I loved tried to help, so I ran them off, And here I sit alone, behind walls of regretCastles Crumbling
66%
Stood there and watched you walk away, From everything we had, But I still mean every word I said to youHaunted
66%
Did some things you can't speak of, But at night you live it all again, You wouldn't be shattered on the floor nowInnocent
66%
I do recall now, the smell of the rain, Fresh on the pavement, I ran off the plane, That July ninth, the beat of your heartLast Kiss
66%
And maybe, someday, when we're older, This is something we'll laugh about, Over coffee every mornin' while you're watching the newsFoolish One
61%
I've gotten used to no one callin' my phone, I've grown accustomed to sleepin' alone, Still, I know that all it takes is to get it rightElectric Touch
58%
Ghosts from your past gonna jump out at me, Lurking in the shadows with their lip gloss smilesOurs
55%
Something in his deep brown eyes has me singing, He's not all bad like his reputation, And I can't hear one single word they saidSuperman
53%

Score Distribution

Percentile by Number Answered

Percent of People with Each Score

Your Score History

You have not taken this quiz